000 00302nam a22001337a 4500
008 171123b xxu||||| |||| 00| 0 eng d
020 _a0028974085
041 _aeng
080 _a030
100 _a21
101 _aENC
245 _aENCYCLOPEDIA LEARNING AND MEMORY
_cLARRY.R.S
942 _2udc
_cBK
999 _c38306
_d38306